|
|
|
|
| LEADER |
00000nam0a2200000 4500 |
| 001 |
174541 |
| 005 |
20231031164822.0 |
| 035 |
|
|
|a (RuTPU)RU\TPU\book\189271
|
| 090 |
|
|
|a 174541
|
| 100 |
|
|
|a 20100129d1913 m y0rusy50 ca
|
| 101 |
0 |
|
|a rus
|
| 102 |
|
|
|a RU
|
| 105 |
|
|
|a a z 000zy
|
| 200 |
1 |
|
|a Химия сахаристых веществ и методы исследования продуктов сахарного производства
|f И. А. Тищенко
|
| 210 |
|
|
|a Москва
|c Типо-литография "Печатник"
|d 1913
|
| 215 |
|
|
|a 215 с.
|
| 610 |
1 |
|
|a сахаристые вещества
|
| 610 |
1 |
|
|a химия
|
| 610 |
1 |
|
|a моносахариды
|
| 610 |
1 |
|
|a классификация
|
| 610 |
1 |
|
|a свойства
|
| 610 |
1 |
|
|a дисахариды
|
| 610 |
1 |
|
|a трисахариды
|
| 610 |
1 |
|
|a сахарные заводы
|
| 610 |
1 |
|
|a сахарные производства
|
| 610 |
1 |
|
|a продукты
|
| 610 |
1 |
|
|a исследования
|
| 610 |
1 |
|
|a количественный анализ
|
| 610 |
1 |
|
|a поляриметрия
|
| 675 |
|
|
|a 663/664
|v 3
|
| 700 |
|
1 |
|a Тищенко
|b И. А.
|
| 801 |
|
1 |
|a RU
|b 63413507
|c 20100129
|
| 801 |
|
2 |
|a RU
|b 63413507
|c 20101011
|g RCR
|
| 942 |
|
|
|c BK
|